Normal view
MARC view
- Sulaiman Qaiser Muhammad Abdullah M. Shahrukh Khan Raja Taimoor
Entry Personal Name
001 - CONTROL NUMBER
- control field: 97784
003 - CONTROL NUMBER IDENTIFIER
- control field: NUST
005 - DATE AND TIME OF LATEST TRANSACTION
- control field: 20220817125437.0
008 - FIXED-LENGTH DATA ELEMENTS
- fixed length control field: 220817|| aca||aabn | a|a d
040 ## - CATALOGING SOURCE
- Original cataloging agency: NUST
- Transcribing agency: NUST
100 ## - HEADING--PERSONAL NAME
- Personal name: Sulaiman Qaiser Muhammad Abdullah M. Shahrukh Khan Raja Taimoor
670 ## - SOURCE DATA FOUND
- Source citation: Work cat.: (NUST): Sulaiman Qaiser Muhammad Abdullah M. Shahrukh Khan Raja Taimoor, PR-SOF-2115-VRAM – Virtual Reality for Amblyopia, 2022.
